| Tag |
First Indicator |
Second Indicator |
Subfields |
| LEADER |
00000pam a2200000 a 4500 |
| 001 |
in00000075943 |
| 005 |
20151008054920.0 |
| 008 |
800626s1981 cauhg b 10100 engm |
| 010 |
|
|
|a 80019027
|
| 020 |
|
|
|a 0520042018
|
| 035 |
|
|
|a (OCoLC)06532945
|
| 035 |
|
|
|9 AAJ2048AM
|
| 040 |
|
|
|a DLC
|c DLC
|d m.c.
|d TXA
|d UtOrBLW
|
| 043 |
|
|
|a e-uk-en
|
| 049 |
|
|
|a TXAM
|c [387522]
|
| 050 |
0 |
0 |
|a PN2593
|b .S73
|
| 082 |
0 |
|
|a 792/.09421/2
|2 19
|
| 245 |
0 |
4 |
|a The Stage and the page :
|b London's "whole show" in the eighteenth-century theatre /
|c edited by Geo. Winchester Stone, Jr.
|
| 264 |
|
1 |
|a Berkeley :
|b University of California Press,
|c 1981.
|
| 300 |
|
|
|a x, 251 pages :
|b facsimiles, music ;
|c 24 cm.
|
| 336 |
|
|
|a text
|b txt
|2 rdacontent
|
| 337 |
|
|
|a unmediated
|b n
|2 rdamedia
|
| 338 |
|
|
|a volume
|b nc
|2 rdacarrier
|
| 490 |
1 |
|
|a Publications from the Clark Library professorship, UCLA ;
|v 6
|
| 500 |
|
|
|a Seminar papers given at the Clark Library, University of California, Los Angeles, 1976-77.
|
| 500 |
|
|
|a Includes index.
|
| 504 |
|
|
|a Bibliography: pages 231-237.
|
| 650 |
|
0 |
|a Theater
|z England
|z London
|x History
|v Congresses.
|
| 650 |
|
0 |
|a English drama
|y 18th century
|x History and criticism
|v Congresses.
|
| 650 |
|
0 |
|a Music in the theater
|v Congresses.
|
| 700 |
1 |
|
|a Stone, George Winchester,
|d 1907-2000.
|
| 830 |
|
0 |
|a Publications from the Clark Library professorship, UCLA ;
|v 6.
|
| 999 |
|
|
|a MARS
|
| 999 |
f |
f |
|s b1f07a44-9d00-31f0-898d-b7593cf84740
|i 303fb0a3-40e4-3273-861b-b900f56ac32f
|t 0
|
| 952 |
f |
f |
|p ric
|a Texas A&M University
|b Rellis Campus
|c Joint Library Facility
|d Remote Storage
|t 0
|e PN2593 .S73
|h Library of Congress classification
|i unmediated -- volume
|m A14806178581
|
| 998 |
f |
f |
|a PN2593 .S73
|t 0
|l Remote Storage
|